000 00705nam a2200241Ia 4500
003 OSt
005 20221005024841.0
006 a|||||r|||| 00| 0
007 ta
008 221004b |||||||| |||| 00| 0 ara d
020 _a9770224944 (hbk)
_c200
024 _a39116
037 _b01, 26/03/2007, Nadwi Publications
_cTextual
040 _aCRL
_cCRL
_bara
041 _2ara
_aara
082 _aO28,1:g, L7;M8
100 _aZaif Shauqi Au.
245 0 _aFasool fi al-sher-o-naqad
260 _aCairo
_bDarul muarif
_c1988
650 _aARABIC POETRY
942 _hO28,1:g, L7;M8
_cTEXL
_2cc
999 _c933550
_d933550